Manual de enfermedades de los peces
Αποθηκεύτηκε σε:
| Κύριος συγγραφέας: | |
|---|---|
| Μορφή: | Βιβλίο |
| Γλώσσα: | Ισπανικά |
| Έκδοση: |
Zaragoza
Acribia
1964
|
| Θέματα: | |
| Ετικέτες: |
Προσθήκη ετικέτας
Δεν υπάρχουν, Καταχωρήστε ετικέτα πρώτοι!
|
MARC
| LEADER | 00000nam a2200000 a 4500 | ||
|---|---|---|---|
| 001 | UCR5400 | ||
| 003 | CL-VaPUC | ||
| 008 | 980327e19640000SP |||||||||||||||||spa|d | ||
| 082 | 0 | 4 | |a 591.2 |b AML |2 21 |
| 100 | 0 | |a Amlacher, Erwin |e author |9 406300 | |
| 245 | 1 | 0 | |a Manual de enfermedades de los peces |
| 300 | |a 319 p | ||
| 942 | |c BK | ||
| 945 | |d 19980327 00:00:00 |a crobeson | ||
| 260 | |a Zaragoza |b Acribia |c 1964 | ||
| 650 | 7 | |a PECES |2 CL-VaPUC |9 406301 | |
| 650 | 0 | |a Enfermedades |9 263059 | |
| 650 | 7 | |a PATOLOGIA ANIMAL |2 CL-VaPUC |9 404989 | |
| 650 | 0 | |a Manuales |9 257144 | |
| 650 | 0 | |a Histología |9 264868 | |
| 650 | 7 | |a HISTOQUIMICA |2 CL-VaPUC |9 326664 | |
| 650 | 0 | |a Enfermedades infecciosas |9 337719 | |
| 650 | 0 | |a Enfermedades parasitarias |9 338529 | |
| 583 | |a last modification |c 19980327 00:00:00 |k Rodrigo Vera | ||
| 999 | |c 268005 |d 268003 | ||
| 952 | |0 0 |1 0 |2 ddc |4 0 |6 591_200000000000000_AML_1964 |7 0 |8 CCM |9 300859 |a BIBCUR |b BIBCUR |c PAC |d 2019-11-20 |i 1969668 |o 591.2 AML 1964 |p 1969668 |r 2025-04-22 |w 2019-11-20 |y BK |k CIM | ||
| 952 | |0 0 |1 0 |2 ddc |4 0 |6 591_200000000000000_AML_1964 |7 0 |8 CCM |9 300860 |a BIBCUR |b BIBCUR |c PAC |d 2019-11-20 |i 3876047 |o 591.2 AML 1964 |p 3876047 |r 2025-04-22 |w 2019-11-20 |y BK |k CIM | ||